000 00824nam a22002537a 4500
003 OSt
005 20240411074019.0
008 210322b 2020 dr 00| 0 eng d
020 _a9789945503821
040 _aDO-SdBNP
_bspa
_cBNPHU
082 4 _aRD863.5
_bF635C
_222
100 1 _aFlorián Pérez, Nouel,
_d1976-
_978225
245 1 0 _aCuentos de Neiba :
_bantología /
_cNouel Florián Pérez.
260 _aSanto Domingo :
_bEdiciones Ferilibro,
_c2020.
300 _a112 p. ;
_c21 cm.
490 1 _aNarrativa
500 _aIncluye datos biográficos del autor en la solapa de la cubierta.
500 _a16ª Feria Regional del Libro Bahoruco 2020
590 _aInventariado, 2021 /LP
650 0 _aCuentos dominicanos
_9176
650 4 _aLiteratura dominicana
_979082
830 0 _aNarrativa
_911366
942 _2ddc
_cLBS1
999 _c49656
_d49656